500 puzzles to improve your thinking / (Record no. 143597)

MARC details
000 -LEADER
fixed length control field 00544nam a22001817a 4500
005 - DATE AND TIME OF LATEST TRANSACTION
control field 20170821122408.0
010 ## - LCCN (DPL NO)
LC control number ENG-119733
020 ## - INTERNATIONAL STANDARD BOOK NUMBER
International Standard Book Number 9788179664247
Terms of availability 65.00
035 ## - SYSTEM CONTROL NUMBER
System control number EN-103265
037 ## - SOURCE OF ACQUISITION
Source of stock number/acquisition DBAD/PUB
082 ## - DEWEY DECIMAL CLASSIFICATION NUMBER
Classification number 793.73
100 ## - MAIN ENTRY--PERSONAL NAME
Personal name Rajaraman, R.
245 ## - TITLE STATEMENT
Title 500 puzzles to improve your thinking /
Statement of responsibility, etc by R. Rajaraman
260 ## - PUBLICATION, DISTRIBUTION, ETC. (IMPRINT)
Place of publication, distribution, etc Chennai
Name of publisher, distributor, etc Emerald Publishers
Date of publication, distribution, etc 2016
270 ## - ADDRESS
Address 15 A, First Floor, Casa Major Road, Egmore,
City Chennai
Postal code 600008
300 ## - PHYSICAL DESCRIPTION
Extent 73p.
Dimensions 22cm(pbk)
942 ## - ADDED ENTRY ELEMENTS (KOHA)
Source of classification or shelving scheme Dewey Decimal Classification
Item type English Books
Classification part 793.73
Call number suffix RAJ
Holdings
Withdrawn status Lost status Not for loan Collection code Home library Current library Date acquired Source of acquisition Cost, normal purchase price Full call number Barcode Copy number Cost, replacement price Koha item type
      Non-fiction Katevara Katevara 21/08/2017 DBAD/PUB 65.00 793.73 RAJ EN-103265 1 65.00 English Books

© Delhi Public Library
Hit Counter
free hit counter